000 00718nam a2200241Ia 4500
003 OSt
005 20220925224324.0
006 a|||||r|||| 00| 0
007 ta
008 220923b |||||||| |||| 00| 0 eng d
037 _cGeneral Book
040 _aRTL
_cRTL
_beng
041 _2eng
_aeng
082 _aR43(W:915), K5
100 _aMartin David A
_981349
245 0 _aPacifism
_bAn historical and sociological study
260 _aLondon
_bRoutledge & Kegan Paul
_c1965
300 _axii,249p.
_ccm.
490 _aInternaitonal library of socilology and social reconstruciton
650 _aEthics
942 _hR43(W:915), K5
_cGB
_2CC
999 _c581251
_d581251